[Event "Mittelfrankenliga 05/06 (B2b)"]
[Site "Mfr.2005/06-R7"]
[Date "2006.03.19"]
[Round "7.3"]
[White "Oberndörfer, Dieter"]
[Black "Pranschke, Gerd"]
[Result "0-1"]
[WhiteElo "1870"]
[BlackElo "1963"]
[Annotator "NT Nbg.4-SK Schwabach2"]
[PlyCount "70"]
[EventDate "2006.03.19"]
[SourceDate "2005.10.17"]

1. Nf3 c5 2. g3 e6 3. Bg2 Nc6 4. O-O Nf6 5. c4 Be7 6. Nc3 O-O 7. d4 cxd4 8.
Nxd4 a6 9. Nxc6 dxc6 10. Qc2 Qc7 11. b3 Bd7 12. Bb2 Rac8 13. Ne4 Nxe4 14. Bxe4
f5 15. Bg2 e5 16. Rad1 Be6 17. Bh3 e4 18. Rd4 Rcd8 19. Rfd1 Rxd4 20. Bxd4 c5
21. Bc3 b5 22. Qb2 Bg5 23. Be5 Qf7 24. cxb5 axb5 25. e3 Qh5 26. Rd6 Qxh3 27.
Rxe6 f4 28. exf4 Qxe6 29. fxg5 Qd7 30. Kg2 Qd5 31. Kh3 Qd1 32. Bf4 Qh5+ 33. Kg2
Qf3+ 34. Kg1 Rd8 35. Bd2 Qd1+ 0-1

[Event "Mittelfrankenliga 05/06 (B2b)"]
[Site "Mfr.2005/06-R7"]
[Date "2006.03.19"]
[Round "7.4"]
[White "Kelm, Klaus"]
[Black "Pechan, Willi"]
[Result "0-1"]
[WhiteElo "1881"]
[BlackElo "1797"]
[Annotator "NT Nbg.4-SK Schwabach2"]
[PlyCount "42"]
[EventDate "2006.03.19"]
[SourceDate "2005.10.17"]

1. c4 Nf6 2. b3 e6 3. g3 d5 4. Nf3 g6 5. Bb2 Bg7 6. Bg2 O-O 7. O-O c6 8. Qc2 a5
9. a3 Nbd7 10. d4 Ne4 11. Nbd2 f5 12. e3 Qf6 13. b4 b6 14. b5 c5 15. Rac1 Qe7
16. dxc5 Ndxc5 17. Bxg7 Qxg7 18. cxd5 exd5 19. Nb3 Be6 20. Nfd4 Bd7 21. Qd3
Nxd3 0-1

[Event "Mittelfrankenliga 05/06 (B2b)"]
[Site "Mfr.2005/06-R7"]
[Date "2006.03.19"]
[Round "7.5"]
[White "Hoerath, Michael"]
[Black "Suess, Helmut"]
[Result "1/2-1/2"]
[WhiteElo "1781"]
[BlackElo "1855"]
[Annotator "NT Nbg.4-SK Schwabach2"]
[PlyCount "51"]
[EventDate "2006.03.19"]
[SourceDate "2005.10.17"]

1. d4 Nf6 2. Nf3 e6 3. e3 b6 4. Be2 Bb7 5. O-O c5 6. c4 d6 7. Nc3 Be7 8. b3 O-O
9. Bb2 Nbd7 10. Rc1 a6 11. dxc5 bxc5 12. Qc2 Qc7 13. Nd2 Ne5 14. Nce4 Nxe4 15.
Nxe4 f5 16. Nd2 Bf6 17. Bxe5 Bxe5 18. f4 Bf6 19. Bf3 Bxf3 20. Nxf3 Qc6 21. Rfe1
g6 22. e4 Rfe8 23. e5 dxe5 24. Nxe5 Bxe5 25. Rxe5 Rad8 26. Rd1 1/2-1/2

[Event "Mittelfrankenliga 05/06 (B2b)"]
[Site "Mfr.2005/06-R7"]
[Date "2006.03.19"]
[Round "7.6"]
[White "Zippel, Harald"]
[Black "Heinrichmeier, Roland"]
[Result "1-0"]
[WhiteElo "1790"]
[BlackElo "1715"]
[Annotator "NT Nbg.4-SK Schwabach2"]
[PlyCount "54"]
[EventDate "2006.03.19"]
[SourceDate "2005.10.17"]

1. e4 e5 2. d4 exd4 3. c3 dxc3 4. Nxc3 Nc6 5. Bc4 d6 6. Nf3 Nf6 7. Qb3 Na5 8.
Bxf7+ Ke7 9. Qa4 Kxf7 10. Qxa5 h6 11. O-O Be7 12. e5 dxe5 13. Nxe5+ Kg8 14. Ng6
Rh7 15. Nxe7+ Qxe7 16. Bf4 b6 17. Qb5 c5 18. Rfe1 Qf7 19. Bd6 Be6 20. Rad1 Re8
21. Ne4 Nxe4 22. Rxe4 Bd7 23. Qe2 g6 24. Re1 Rd8 25. Re7 Qf6 26. Rxh7 Qxd6 27.
Re7 Bc6 1-0

[Event "Mittelfrankenliga 05/06 (B2b)"]
[Site "Mfr.2005/06-R7"]
[Date "2006.03.19"]
[Round "7.7"]
[White "Uhlendorf, Daniel"]
[Black "Bischoff, Hermann"]
[Result "1/2-1/2"]
[WhiteElo "1697"]
[BlackElo "1908"]
[Annotator "NT Nbg.4-SK Schwabach2"]
[PlyCount "45"]
[EventDate "2006.03.19"]
[SourceDate "2005.10.17"]

1. Nf3 Nf6 2. d4 e6 3. c4 d5 4. Bg5 h6 5. Bh4 Be7 6. Nc3 O-O 7. e3 Nbd7 8. cxd5
exd5 9. Be2 c6 10. Nd2 Re8 11. Bg3 Nf8 12. Qb3 Bd6 13. Bxd6 Qxd6 14. Nf3 Ng6
15. Bd3 Ne4 16. Bxe4 dxe4 17. Nd2 Bf5 18. h3 Qc7 19. g4 Be6 20. Qc2 f5 21. gxf5
Bxf5 22. O-O-O Nh4 23. Rdg1 1/2-1/2

[Event "Mittelfrankenliga 05/06 (B2b)"]
[Site "Mfr.2005/06-R7"]
[Date "2006.03.19"]
[Round "7.8"]
[White "Sha, Siyu"]
[Black "Kuth, Hans"]
[Result "1-0"]
[WhiteElo "1761"]
[BlackElo "1658"]
[Annotator "NT Nbg.4-SK Schwabach2"]
[PlyCount "85"]
[EventDate "2006.03.19"]
[SourceDate "2005.10.17"]

1. e4 c5 2. Nf3 Nc6 3. d4 d6 4. d5 Ne5 5. Nxe5 dxe5 6. Bb5+ Bd7 7. Bxd7+ Qxd7
8. Be3 Nf6 9. f3 b6 10. c4 g6 11. Nc3 Bg7 12. Qd2 O-O 13. O-O Ne8 14. Rfb1 Nd6
15. Qe2 Rac8 16. Rc1 f5 17. Bg5 f4 18. Nd1 Nf7 19. Bh4 g5 20. Bf2 Bf6 21. a3 h5
22. h3 Nh6 23. Kf1 Kf7 24. b4 cxb4 25. axb4 g4 26. hxg4 hxg4 27. Ke1 gxf3 28.
gxf3 Rg8 29. Kd2 Rg2 30. c5 Rc7 31. cxb6 Rxc1 32. Rxc1 axb6 33. Rc6 Qa7 34. Qc4
Kg7 35. Ke1 Qa3 36. Qc3 Qa2 37. Rxb6 Bh4 38. Qxe5+ Bf6 39. Qxf4 Bc3+ 40. Kf1
Rxf2+ 41. Nxf2 Bd4 42. Qxh6+ Kf7 43. Qg6+ 1-0

[Event "Mittelfrankenliga 05/06 (B2b)"]
[Site "Mfr.2005/06-R7"]
[Date "2006.03.19"]
[Round "7.1"]
[White "Fink, Martin"]
[Black "Witt, Alfred"]
[Result "0-1"]
[WhiteElo "1875"]
[BlackElo "1926"]
[Annotator "Ansbach1-Heideck1"]
[PlyCount "108"]
[EventDate "2006.03.19"]
[SourceDate "2005.10.17"]

1. e4 e5 2. Nf3 Nc6 3. d4 exd4 4. Nxd4 Nf6 5. Bc4 Bb4+ 6. c3 Be7 7. O-O Ne5 8.
Bb3 d6 9. f4 Ng6 10. Qe2 Bg4 11. Qb5+ Bd7 12. Qxb7 O-O 13. Nc6 Qe8 14. Ba4 d5
15. Nxe7+ Qxe7 16. Bxd7 Qxd7 17. exd5 Nh4 18. f5 Nxf5 19. c4 Nd6 20. Qb3 Rab8
21. Qd3 Rfe8 22. Nc3 Qg4 23. b3 Re7 24. Bd2 Nde4 25. h3 Qg6 26. Rae1 Rbe8 27.
Nxe4 Nxe4 28. Bb4 Qb6+ 29. Kh1 Qxb4 30. Rd1 Qc3 31. Qxc3 Nxc3 32. d6 cxd6 33.
Rd3 Ne4 34. Rf5 g6 35. Rf4 Kg7 36. a3 g5 37. Rf1 h5 38. Kg1 Re6 39. Rf5 Re5 40.
Rf1 R8e6 41. Rfd1 Rf6 42. Re1 g4 43. Rd5 Rfe6 44. b4 Rxd5 45. cxd5 Re5 46. Re3
f5 47. b5 Rxd5 48. hxg4 hxg4 49. g3 Rxb5 50. Rd3 Rb1+ 51. Kg2 Rb2+ 52. Kg1 Ra2
53. Rb3 Kf6 54. Kf1 Nd2+ 0-1

[Event "Mittelfrankenliga 05/06 (B2b)"]
[Site "Mfr.2005/06-R7"]
[Date "2006.03.19"]
[Round "7.2"]
[White "Reizine, Viatcheslav"]
[Black "Kirchner, Norbert jr."]
[Result "0-1"]
[WhiteElo "1944"]
[BlackElo "2060"]
[Annotator "Ansbach1-Heideck1"]
[PlyCount "38"]
[EventDate "2006.03.19"]
[SourceDate "2005.10.17"]

1. e4 e5 2. Nf3 Nc6 3. Bb5 a6 4. Ba4 Bc5 5. c3 b5 6. Bc2 Qf6 7. O-O d6 8. d4
Bb6 9. Bg5 Qg6 10. dxe5 Nxe5 11. Nxe5 Qxg5 12. Qd5 dxe5 13. Qxa8 Ne7 14. Na3
O-O 15. Rad1 Ng6 16. g3 Nf4 17. Qc6 Qg4 18. Rd3 Nxd3 19. Bd1 Bxf2+ 0-1

[Event "Mittelfrankenliga 05/06 (B2b)"]
[Site "Mfr.2005/06-R7"]
[Date "2006.03.19"]
[Round "7.3"]
[White "Platz, Stephan"]
[Black "Kiefer, Johannes"]
[Result "1-0"]
[WhiteElo "1865"]
[BlackElo "1729"]
[Annotator "Ansbach1-Heideck1"]
[PlyCount "85"]
[EventDate "2006.03.19"]
[SourceDate "2005.10.17"]

1. d4 d5 2. e4 dxe4 3. Nc3 Nf6 4. Bg5 Nbd7 5. Qe2 c6 6. O-O-O Qa5 7. Bxf6 Nxf6
8. h3 Nd5 9. Nxe4 e6 10. Kb1 Be7 11. Nf3 b5 12. Ne5 Qc7 13. h4 a5 14. Qh5 Bf6
15. Nxf7 g6 16. Nfd6+ Ke7 17. Nxc8+ Raxc8 18. Qh6 Rcg8 19. Nxf6 Nxf6 20. Be2 b4
21. Bf3 a4 22. Rhe1 Kf7 23. Qe3 Re8 24. Qe5 Qb7 25. Re3 Re7 26. Rde1 Rd8 27.
Bxc6 Qxc6 28. Rf3 Rc8 29. Qxf6+ Ke8 30. c3 a3 31. Rfe3 b3 32. axb3 Kd7 33. d5
Qxd5 34. Qd4 Qxd4 35. cxd4 axb2 36. Kxb2 Rf8 37. f3 Kd6 38. Re5 Rf4 39. d5 Rd4
40. Rxe6+ Rxe6 41. dxe6 Ke7 42. h5 Rd2+ 43. Kc3 1-0

[Event "Mittelfrankenliga 05/06 (B2b)"]
[Site "Mfr.2005/06-R7"]
[Date "2006.03.19"]
[Round "7.4"]
[White "Sommer, Dieter"]
[Black "Wegmann, Wolfgang"]
[Result "1/2-1/2"]
[WhiteElo "1719"]
[BlackElo "1725"]
[Annotator "Ansbach1-Heideck1"]
[PlyCount "61"]
[EventDate "2006.03.19"]
[SourceDate "2005.10.17"]

1. d4 Nf6 2. c4 c6 3. Nc3 d5 4. cxd5 cxd5 5. Bf4 a6 6. a3 Nc6 7. e3 Bf5 8. Bd3
Bxd3 9. Qxd3 e6 10. Nf3 Bd6 11. Bxd6 Qxd6 12. O-O O-O 13. b4 b5 14. Rac1 Rac8
15. Rc2 Rc7 16. Rfc1 Rfc8 17. h3 h6 18. e4 dxe4 19. Nxe4 Nxe4 20. Qxe4 g6 21.
Ne5 Nxe5 22. dxe5 Qb6 23. Rxc7 Rxc7 24. Rd1 Rc8 25. Qh4 h5 26. Qe7 a5 27. bxa5
Qxa5 28. Qb7 Ra8 29. Rb1 Qxa3 30. Qxb5 Qc3 31. Qb2 1/2-1/2

[Event "Mittelfrankenliga 05/06 (B2b)"]
[Site "Mfr.2005/06-R7"]
[Date "2006.03.19"]
[Round "7.5"]
[White "Reichmann, Ulrich"]
[Black "Drechsler, Alfred"]
[Result "1-0"]
[WhiteElo "1908"]
[BlackElo "1711"]
[Annotator "Ansbach1-Heideck1"]
[PlyCount "49"]
[EventDate "2006.03.19"]
[SourceDate "2005.10.17"]

1. e4 e6 2. c4 d5 3. cxd5 exd5 4. exd5 Qxd5 5. Nc3 Qe5+ 6. Be2 Nf6 7. Nf3 Qa5
8. Bb5+ c6 9. Qe2+ Be7 10. Bc4 Nd5 11. O-O Be6 12. Re1 O-O 13. Bxd5 cxd5 14.
Nd4 Qa6 15. Nxe6 Qxe2 16. Rxe2 fxe6 17. Nxd5 exd5 18. Rxe7 Nc6 19. Rxb7 Rae8
20. Kf1 Nd4 21. b3 Re2 22. f3 Rfe8 23. Bb2 Nc2 24. Rxg7+ Kf8 25. Rd1 1-0

[Event "Mittelfrankenliga 05/06 (B2b)"]
[Site "Mfr.2005/06-R7"]
[Date "2006.03.19"]
[Round "7.6"]
[White "Nitsche, Erwin"]
[Black "Korth, Manfred,Dr."]
[Result "0-1"]
[WhiteElo "1657"]
[BlackElo "1868"]
[Annotator "Ansbach1-Heideck1"]
[PlyCount "58"]
[EventDate "2006.03.19"]
[SourceDate "2005.10.17"]

1. d4 d5 2. Nf3 Nf6 3. e3 Bg4 4. c4 c6 5. Nc3 e6 6. Bd3 dxc4 7. Bxc4 Nbd7 8.
O-O Be7 9. b3 O-O 10. Bb2 Qc7 11. h3 Bh5 12. Be2 Rad8 13. Nh4 Bxe2 14. Qxe2 Nd5
15. Nxd5 exd5 16. Nf3 Bd6 17. Rac1 Rde8 18. Qd3 f5 19. a3 Qd8 20. g3 Re6 21.
Kg2 Rg6 22. Kh2 Qf6 23. Rg1 f4 24. exf4 Bxf4 25. gxf4 Qxf4+ 26. Rg3 Rxg3 27.
fxg3 Qxf3 28. Qxf3 Rxf3 29. Rc2 Rxb3 0-1

[Event "Mittelfrankenliga 05/06 (B2b)"]
[Site "Mfr.2005/06-R7"]
[Date "2006.03.19"]
[Round "7.7"]
[White "Strnad, Alfred"]
[Black "Ditt, Norbert"]
[Result "1/2-1/2"]
[WhiteElo "1891"]
[BlackElo "1647"]
[Annotator "Ansbach1-Heideck1"]
[PlyCount "86"]
[EventDate "2006.03.19"]
[SourceDate "2005.10.17"]

1. e4 d5 2. exd5 Qxd5 3. Nc3 Qa5 4. Nf3 Nf6 5. d4 c6 6. Bd2 Qc7 7. Bc4 Bg4 8.
O-O e6 9. h3 Bh5 10. Re1 Bd6 11. a3 Nbd7 12. b4 Nb6 13. Be2 a6 14. Rb1 Rd8 15.
Ng5 Bg6 16. Bf3 O-O 17. Nce4 Nxe4 18. Bxe4 Nc4 19. Bc1 Bf4 20. Bxg6 hxg6 21.
Qd3 Bxc1 22. Rbxc1 Qf4 23. Nf3 b5 24. g3 Qf6 25. Re4 Rd5 26. Qe2 Rfd8 27. c3
Rh5 28. h4 Rf5 29. Ng5 Rdd5 30. a4 Nd6 31. Re3 Nc4 32. Re4 Nb6 33. axb5 cxb5
34. Ra1 Na4 35. Qe3 Rxg5 36. hxg5 Rxg5 37. Rf4 Qe7 38. Qf3 Qc7 39. Qa8+ Kh7 40.
Rh4+ Rh5 41. Rxh5+ gxh5 42. Qf3 g6 43. Kg2 Kg7 1/2-1/2

[Event "Mittelfrankenliga 05/06 (B2b)"]
[Site "Mfr.2005/06-R7"]
[Date "2006.03.19"]
[Round "7.8"]
[White "Hartstock, Elmar,Dr."]
[Black "Ruderer, Thomas"]
[Result "1/2-1/2"]
[WhiteElo "1607"]
[BlackElo "1732"]
[Annotator "Ansbach1-Heideck1"]
[PlyCount "80"]
[EventDate "2006.03.19"]
[SourceDate "2005.10.17"]

1. c4 c5 2. Nc3 Nf6 3. Nf3 Nc6 4. g3 e6 5. Bg2 Be7 6. O-O O-O 7. d3 d5 8. cxd5
exd5 9. d4 Be6 10. Re1 Rc8 11. a3 a6 12. Qd3 b5 13. dxc5 Bxc5 14. b4 Ba7 15.
Bb2 Qb6 16. Nd1 d4 17. Rc1 Bc4 18. Rxc4 bxc4 19. Qxc4 Ng4 20. Qd3 Rfe8 21. Qf5
Nf6 22. e3 Ne7 23. Qd3 dxe3 24. Nxe3 Red8 25. Qe2 Qb5 26. Qxb5 axb5 27. Bxf6
gxf6 28. Ng4 f5 29. Nf6+ Kg7 30. Nh5+ Kf8 31. Ng5 Ng6 32. Nxh7+ Kg8 33. N7f6+
Kf8 34. Nh7+ Kg8 35. N7f6+ Kf8 36. Rf1 Rd2 37. Nh7+ Kg8 38. N7f6+ Kf8 39. Nh7+
Kg8 40. N7f6+ Kf8 1/2-1/2

[Event "Mittelfrankenliga 05/06 (B2b)"]
[Site "Mfr.2005/06-R7"]
[Date "2006.03.19"]
[Round "7.1"]
[White "Muenster, Erich"]
[Black "Meyer, Friedrich[59]"]
[Result "1/2-1/2"]
[WhiteElo "2024"]
[BlackElo "1842"]
[Annotator "Gunzenhausen/Wbg.2-Heilsbronn1"]
[PlyCount "35"]
[EventDate "2006.03.19"]
[SourceDate "2005.10.17"]

1. e4 g6 2. d4 Bg7 3. f4 c5 4. c3 cxd4 5. cxd4 Qb6 6. Nf3 d6 7. Nc3 Bg4 8. Bb5+
Nc6 9. Be3 Bxf3 10. gxf3 a6 11. Bxc6+ bxc6 12. Qd2 Rb8 13. Rb1 Nf6 14. O-O O-O
15. Kh1 Nd7 16. Rf2 Qb4 17. Rc1 Rfc8 18. Qd3 1/2-1/2

[Event "Mittelfrankenliga 05/06 (B2b)"]
[Site "Mfr.2005/06-R7"]
[Date "2006.03.19"]
[Round "7.2"]
[White "Stephan, Eberhard"]
[Black "Roeschinger, Udo"]
[Result "1-0"]
[WhiteElo "1980"]
[BlackElo "1878"]
[Annotator "Gunzenhausen/Wbg.2-Heilsbronn1"]
[PlyCount "87"]
[EventDate "2006.03.19"]
[SourceDate "2005.10.17"]

1. d4 d5 2. c4 e6 3. cxd5 exd5 4. Nc3 c6 5. Qc2 Bb4 6. Nf3 Ne7 7. e3 Bf5 8. Bd3
Bxd3 9. Qxd3 Nd7 10. O-O Nf6 11. Ne5 Ng6 12. f4 O-O 13. a3 Bxc3 14. bxc3 Ne4
15. Rb1 Nxe5 16. fxe5 b6 17. c4 Re8 18. cxd5 Qxd5 19. Qc2 Re7 20. Rf4 Ng5 21.
Bb2 Ne6 22. Rh4 h6 23. e4 Qa2 24. Ra1 Nxd4 25. Qf2 Qc4 26. Qxd4 Qxd4+ 27. Bxd4
Rd8 28. Bc3 Rd3 29. Rc1 c5 30. Kf2 b5 31. Rg4 a5 32. e6 fxe6 33. Ke2 c4 34.
Bxa5 Rxa3 35. Bb4 Ra2+ 36. Ke3 Rd7 37. Kf4 Rf2+ 38. Ke5 Rf6 39. Ra1 h5 40. Rg5
Rd3 41. Rxh5 Rb3 42. Bd6 Rh6 43. Rxh6 gxh6 44. Kf6 1-0

[Event "Mittelfrankenliga 05/06 (B2b)"]
[Site "Mfr.2005/06-R7"]
[Date "2006.03.19"]
[Round "7.3"]
[White "Muenster, Manfred"]
[Black "Kiersch, Helmut"]
[Result "1-0"]
[WhiteElo "1923"]
[BlackElo "1898"]
[Annotator "Gunzenhausen/Wbg.2-Heilsbronn1"]
[PlyCount "79"]
[EventDate "2006.03.19"]
[SourceDate "2005.10.17"]

1. e4 e5 2. Nf3 Nc6 3. Bc4 Bc5 4. c3 Nf6 5. d4 exd4 6. cxd4 Bb4+ 7. Nc3 Nxe4 8.
O-O Bxc3 9. bxc3 O-O 10. d5 Na5 11. Bd3 Nf6 12. Bg5 d6 13. Qa4 b6 14. Qh4 h6
15. Bxh6 Bg4 16. Bg5 Bh5 17. Bxf6 Qxf6 18. Qxh5 g6 19. Qh6 Nb7 20. Nd4 a6 21.
f4 Nc5 22. Bc2 Rfe8 23. Rf3 Qg7 24. Qh3 Ne4 25. Bxe4 Rxe4 26. Raf1 Ree8 27. Rg3
b5 28. a3 Qf6 29. Qd7 Re7 30. Qg4 Re4 31. h4 Re1 32. h5 Rxf1+ 33. Kxf1 Qe7 34.
Kg1 Qe1+ 35. Kh2 Kg7 36. Nf5+ Kf8 37. hxg6 f6 38. g7+ Kf7 39. Qg6+ Kg8 40. Nh6#
1-0

[Event "Mittelfrankenliga 05/06 (B2b)"]
[Site "Mfr.2005/06-R7"]
[Date "2006.03.19"]
[Round "7.4"]
[White "Enderlein, Hermann"]
[Black "Horneber, Thomas"]
[Result "0-1"]
[WhiteElo "1937"]
[BlackElo "1939"]
[Annotator "Gunzenhausen/Wbg.2-Heilsbronn1"]
[PlyCount "78"]
[EventDate "2006.03.19"]
[SourceDate "2005.10.17"]

1. Nf3 g6 2. e4 d6 3. d4 Nf6 4. Nc3 Bg7 5. Bg5 c6 6. Qd2 b5 7. Bd3 Bg4 8. Bh6
O-O 9. Bxg7 Kxg7 10. h3 Bxf3 11. gxf3 e5 12. Ne2 Qb6 13. h4 Nh5 14. f4 exf4 15.
Nxf4 Nxf4 16. Qxf4 Qxd4 17. h5 Qe5 18. Qe3 g5 19. O-O-O h6 20. Rhg1 Kh8 21.
Rdf1 f6 22. f4 Qe7 23. fxg5 hxg5 24. Qf3 Nd7 25. Qf5 Ne5 26. Rg2 a5 27. Rgf2
Rf7 28. Qh3 Raf8 29. Rf5 Qa7 30. Be2 Qd4 31. Bd3 Nc4 32. Bxc4 Qxc4 33. Qa3 Qb4
34. Qd3 Re8 35. Rxf6 Rxf6 36. Rxf6 Qe1+ 37. Qd1 Qxe4 38. Qxd6 Qf4+ 39. Kb1 Qxd6
0-1

[Event "Mittelfrankenliga 05/06 (B2b)"]
[Site "Mfr.2005/06-R7"]
[Date "2006.03.19"]
[Round "7.5"]
[White "Lunz, Dieter"]
[Black "Fising, Robert"]
[Result "1-0"]
[WhiteElo "1906"]
[BlackElo "1629"]
[Annotator "Gunzenhausen/Wbg.2-Heilsbronn1"]
[PlyCount "67"]
[EventDate "2006.03.19"]
[SourceDate "2005.10.17"]

1. e4 c5 2. c3 d5 3. exd5 Qxd5 4. d4 e6 5. Nf3 Be7 6. Be3 cxd4 7. cxd4 Nf6 8.
Nc3 Qd8 9. Bc4 O-O 10. O-O b6 11. Bf4 Na6 12. d5 exd5 13. Nxd5 Bb7 14. Nxe7+
Qxe7 15. Bd6 Qe4 16. Bxa6 Bxa6 17. Re1 Qd5 18. Qxd5 Nxd5 19. Bxf8 Kxf8 20. Rad1
Bb7 21. Ne5 f6 22. Nc4 Rd8 23. Re6 Rd7 24. Nd6 Nc7 25. Ree1 Ba6 26. Rc1 g5 27.
h3 Kg7 28. Nf5+ Kg6 29. g4 Kf7 30. Rcd1 Rxd1 31. Rxd1 Ne6 32. Rd7+ Kg6 33. b3
Bb5 34. Re7 1-0

[Event "Mittelfrankenliga 05/06 (B2b)"]
[Site "Mfr.2005/06-R7"]
[Date "2006.03.19"]
[Round "7.6"]
[White "Reichert, Romuald"]
[Black "Heinz, Manfred"]
[Result "0-1"]
[WhiteElo "1747"]
[BlackElo "1692"]
[Annotator "Gunzenhausen/Wbg.2-Heilsbronn1"]
[PlyCount "62"]
[EventDate "2006.03.19"]
[SourceDate "2005.10.17"]

1. d4 Nf6 2. c4 g6 3. Nc3 Bg7 4. e4 d6 5. Nf3 O-O 6. Be2 e5 7. d5 Nbd7 8. O-O
h6 9. h3 Ne8 10. Nh2 f5 11. f4 exf4 12. exf5 g5 13. Qc2 Nc5 14. Bg4 Qf6 15. Bd2
Qd4+ 16. Kh1 Qxc4 17. Rae1 h5 18. Be2 Qd4 19. Nf3 Qf6 20. b4 Bxf5 21. Qd1 Ne4
22. Nxe4 Bxe4 23. Bc4 Qg6 24. Rxe4 Qxe4 25. Nxg5 Qxc4 26. Qxh5 Qxf1+ 27. Kh2
Nf6 28. Qg6 Qf2 29. Bc3 Qg3+ 30. Kg1 Qxc3 31. Ne6 Qe1+ 0-1

[Event "Mittelfrankenliga 05/06 (B2b)"]
[Site "Mfr.2005/06-R7"]
[Date "2006.03.19"]
[Round "7.7"]
[White "Steinmetz, Thomas"]
[Black "Jaeger, Peter[63]"]
[Result "0-1"]
[WhiteElo "1861"]
[BlackElo "1799"]
[Annotator "Gunzenhausen/Wbg.2-Heilsbronn1"]
[PlyCount "104"]
[EventDate "2006.03.19"]
[SourceDate "2005.10.17"]

1. e4 e5 2. c4 Bc5 3. Nc3 Nc6 4. h3 Qh4 5. g3 Qf6 6. Nf3 Nd4 7. Bg2 c6 8. d3 h6
9. Nxd4 Bxd4 10. Qe2 Ne7 11. Be3 Qd6 12. O-O O-O 13. f4 exf4 14. gxf4 Qc5 15.
Rae1 f5 16. Bxd4 Qxd4+ 17. Qe3 Qf6 18. e5 Qh4 19. Qf2 Ng6 20. d4 Qe7 21. a3 d6
22. Re3 dxe5 23. dxe5 Be6 24. b3 Qxa3 25. Ne2 Qc5 26. Rd1 Rad8 27. Red3 Qxf2+
28. Kxf2 Rxd3 29. Rxd3 Kf7 30. Ke3 Nh4 31. Bf1 g5 32. c5 Ke7 33. Rd6 Ng6 34. b4
Rd8 35. fxg5 hxg5 36. Nd4 Rxd6 37. exd6+ Kf6 38. Nxe6 Kxe6 39. Bc4+ Kf6 40. Be2
Nf4 41. h4 Nd5+ 42. Kd4 gxh4 43. b5 Ke6 44. bxc6 bxc6 45. Bf3 a5 46. Kc4 h3 47.
Kb3 Nf6 48. Ka4 Ne4 49. Kxa5 Nxc5 50. Bxc6 Ne4 51. d7 Ke7 52. Kb6 Kd8 0-1

[Event "Mittelfrankenliga 05/06 (B2b)"]
[Site "Mfr.2005/06-R7"]
[Date "2006.03.19"]
[Round "7.8"]
[White "Gajewski, Richard"]
[Black "Schaefer, Erich[66]"]
[Result "0-1"]
[WhiteElo "1589"]
[BlackElo "1569"]
[Annotator "Gunzenhausen/Wbg.2-Heilsbronn1"]
[PlyCount "54"]
[EventDate "2006.03.19"]
[SourceDate "2005.10.17"]

1. e4 d6 2. f4 e5 3. Nf3 Nc6 4. Bc4 Bg4 5. O-O Nd4 6. c3 Nxf3+ 7. gxf3 Bh3 8.
Qb3 Nh6 9. d4 Bxf1 10. Bxf1 Be7 11. Qxb7 O-O 12. Qd5 exf4 13. Bxf4 Kh8 14. Bd3
f5 15. Nd2 Bg5 16. Bxd6 cxd6 17. Nc4 Bf4 18. Rf1 Qg5+ 19. Kf2 Bxh2 20. Ke2 Rab8
21. b4 Rbc8 22. Kd1 Qg2 23. exf5 Bf4 24. Re1 Rxc4 25. Re2 Qf1+ 26. Kc2 Qc1+ 27.
Kb3 Qxc3+ 0-1

[Event "Mittelfrankenliga 05/06 (B2b)"]
[Site "Mfr.2005/06-R7"]
[Date "2006.03.19"]
[Round "7.1"]
[White "Diehl, Achim"]
[Black "Alsheimer, Christoph"]
[Result "1/2-1/2"]
[WhiteElo "1956"]
[BlackElo "2006"]
[Annotator "Bechhofen1-SW Nbg.3"]
[PlyCount "49"]
[EventDate "2006.03.19"]
[SourceDate "2005.10.17"]

1. d4 e6 2. c4 Nf6 3. Nf3 b6 4. Nc3 Bb4 5. Qc2 Bb7 6. Bd2 c5 7. Nb5 Bxd2+ 8.
Qxd2 Ne4 9. Qf4 O-O 10. h4 f6 11. Qc7 Qc8 12. dxc5 Na6 13. Qxc8 Rfxc8 14. Nd2
Naxc5 15. f3 a6 16. Nd4 Nxd2 17. Kxd2 d5 18. cxd5 Rd8 19. b4 Rxd5 20. e3 Rd6
21. Ke1 Nd7 22. Bc4 Kf7 23. Ke2 Ne5 24. Rac1 Rad8 25. Bb3 1/2-1/2

[Event "Mittelfrankenliga 05/06 (B2b)"]
[Site "Mfr.2005/06-R7"]
[Date "2006.03.19"]
[Round "7.2"]
[White "Lutz, Thomas"]
[Black "Werner, Thomas[65]"]
[Result "0-1"]
[WhiteElo "1975"]
[BlackElo "1910"]
[Annotator "Bechhofen1-SW Nbg.3"]
[PlyCount "72"]
[EventDate "2006.03.19"]
[SourceDate "2005.10.17"]

1. d4 d5 2. c4 c6 3. Nc3 e6 4. Nf3 Nf6 5. Bg5 dxc4 6. e3 b5 7. a4 Bb4 8. axb5
Bxc3+ 9. bxc3 cxb5 10. Ne5 h6 11. Bh4 Nbd7 12. Qf3 Nb6 13. Bxf6 gxf6 14. Nc6
Bb7 15. Nxd8 Bxf3 16. Nxe6 fxe6 17. gxf3 Rg8 18. e4 a5 19. Bh3 Ke7 20. Kd2 b4
21. Kc2 Kd6 22. e5+ fxe5 23. dxe5+ Ke7 24. Rhg1 b3+ 25. Kb2 Na4+ 26. Rxa4 Rxg1
27. Rxc4 a4 28. Rc7+ Kd8 29. Rh7 Ra6 30. Rh8+ Ke7 31. Rxh6 a3+ 32. Kxb3 a2 33.
Rh7+ Kf8 34. Rh8+ Rg8 35. Rxg8+ Kxg8 36. Bxe6+ Kf8 0-1

[Event "Mittelfrankenliga 05/06 (B2b)"]
[Site "Mfr.2005/06-R7"]
[Date "2006.03.19"]
[Round "7.3"]
[White "Konsek, Peter"]
[Black "Sejdic, Enis"]
[Result "1/2-1/2"]
[WhiteElo "1958"]
[BlackElo "2111"]
[Annotator "Bechhofen1-SW Nbg.3"]
[PlyCount "65"]
[EventDate "2006.03.19"]
[SourceDate "2005.10.17"]

1. e4 c5 2. Nc3 e6 3. g3 Nc6 4. Bg2 d6 5. d3 Nf6 6. Be3 a6 7. f4 Be7 8. h3 Qc7
9. Nf3 b5 10. O-O Bb7 11. g4 Rd8 12. Ne2 O-O 13. Ng3 Rfe8 14. Qe1 Nd7 15. c3
Bf8 16. d4 Na5 17. Qf2 Nc4 18. Bc1 Nf6 19. b3 Nb6 20. Re1 Bc6 21. g5 Nfd7 22.
Bd2 Nc8 23. Re2 Ne7 24. f5 exf5 25. exf5 f6 26. Bf4 Nd5 27. Bd2 N7b6 28. Rae1
Qc8 29. gxf6 Nxf6 30. Ng5 Rxe2 31. Rxe2 Re8 32. Ne6 Be7 33. dxc5 1/2-1/2

[Event "Mittelfrankenliga 05/06 (B2b)"]
[Site "Mfr.2005/06-R7"]
[Date "2006.03.19"]
[Round "7.4"]
[White "Boese, Klaus"]
[Black "Fuchs, Johann,Dr."]
[Result "1/2-1/2"]
[WhiteElo "2020"]
[BlackElo "1960"]
[Annotator "Bechhofen1-SW Nbg.3"]
[PlyCount "81"]
[EventDate "2006.03.19"]
[SourceDate "2005.10.17"]

1. d4 Nf6 2. Bf4 g6 3. Nf3 Bg7 4. e3 O-O 5. Nbd2 d6 6. Bc4 Nbd7 7. h3 Qe8 8.
O-O e5 9. dxe5 Nxe5 10. Bxe5 dxe5 11. c3 Nd7 12. e4 Nb6 13. Bb3 Be6 14. Qe2 Rd8
15. Rfd1 Qe7 16. Nf1 c6 17. Ne3 Rxd1+ 18. Rxd1 Rd8 19. Rxd8+ Qxd8 20. Bxe6 fxe6
21. Qc2 Kf7 22. Kf1 Bf6 23. Ke2 Qd6 24. Ng4 h5 25. Nxf6 Kxf6 26. Qc1 Kg7 27. g4
hxg4 28. hxg4 Nd7 29. g5 a5 30. Qd2 Qxd2+ 31. Nxd2 Kf7 32. b4 axb4 33. cxb4 b5
34. Nf3 Ke7 35. Nh4 Nf8 36. Kd3 Kd6 37. Kc3 Kc7 38. Kb3 Kb6 39. Kc3 Kc7 40. Kc2
Kb7 41. Kc3 1/2-1/2

[Event "Mittelfrankenliga 05/06 (B2b)"]
[Site "Mfr.2005/06-R7"]
[Date "2006.03.19"]
[Round "7.6"]
[White "Wind, Patrick"]
[Black "Billmann, Andreas"]
[Result "1/2-1/2"]
[WhiteElo "1872"]
[BlackElo "1872"]
[Annotator "Bechhofen1-SW Nbg.3"]
[PlyCount "101"]
[EventDate "2006.03.19"]
[SourceDate "2005.10.17"]

1. c4 f5 2. Nc3 Nf6 3. g3 e6 4. Bg2 d5 5. d4 c6 6. Nh3 Be7 7. O-O O-O 8. b3 Na6
9. Bb2 Ng4 10. Qd2 dxc4 11. f3 Nf6 12. bxc4 Qa5 13. Kh1 Rd8 14. Rfd1 Nc7 15.
Qc2 b5 16. Nf2 bxc4 17. e4 Nb5 18. Na4 c3 19. Bxc3 Nxc3 20. Nxc3 Rb8 21. Ne2
Bd7 22. Nd3 fxe4 23. fxe4 Ng4 24. Qd2 Qh5 25. h3 e5 26. dxe5 Nxe5 27. Nef4 Qg5
28. Nxe5 Qxe5 29. Qe3 Bc5 30. Qf3 Bb6 31. Rac1 Be8 32. Qg4 Rxd1+ 33. Rxd1 Qb2
34. Ne6 Bf7 35. Ng5 Bg6 36. Qe6+ Kh8 37. Nf7+ Bxf7 38. Qxf7 Qe5 39. Rf1 h6 40.
Qf4 Qe8 41. e5 Bc7 42. Qf5 Qxe5 43. Qxe5 Bxe5 44. Bxc6 Bxg3 45. Rf7 a5 46. Kg2
Bd6 47. Rd7 Bc5 48. Rd5 Bb4 49. a3 Bxa3 50. Rxa5 Rc8 51. Ra8 1/2-1/2